Bahamas - Statistics

Estatísticas Gerais
  • Esse quiz foi jogado 3 vezes
  • A pontuação média é 1 de 15
Estatísticas das Respostas
Imagem Resposta % Correto
Nassau
67%
Pink Sands Beach
33%
Atlantis Bahamas
0%
Blue Lagoon Island
0%
Cable Beach
0%
Castaway Cay
0%
CocoCay
0%
Freeport
0%
George Town
0%
Harbour Island
0%
Paradise Island
0%
Pig Beach
0%
Queen's Staircase
0%
Sandy Point
0%
Staniel Cay
0%
Nenhum quiz correspondente encontrado
Distribuição das Pontuações
Porcentagem de Pessoas com Cada Pontuação
Percentil de Números Respondidos
Sua Pontuação Histórica
Você não jogou esse quiz